[Event "13th S&WYM"]
[Site "Millfield School ENG"]
[Date "2003.07.14"]
[Round "6"]
[White "Pinter,G"]
[Black "Sinkevich,P"]
[Result "1/2-1/2"]
[WhiteElo "2376"]
[BlackElo "2313"]

1.e4 c5 2.Nf3 Nc6 3.Bb5 g6 4.d3 Bg7 5.Bxc6 dxc6 6.Nc3 Nf6 7.Be3 Nd7 8.Qd2 h6
9.O-O e5 10.a4 a5 11.Ne1 Qe7 12.Kh1 Nf8 13.Ne2 Ne6 14.c3 Nd4 15.Bxd4 cxd4
16.cxd4 exd4 17.Nc2 c5 18.Na3 O-O 19.Nc4 Qd8 20.Nf4 Ra6 21.Ra3 Bd7 22.Rfa1 Bc6
23.Re1 Re8 24.Raa1 Kh7 25.Kg1 Ra8 26.Nd5 Ra6 27.Nf4 h5 28.Qd1 Bh6 29.Qf3 Kg7
30.Nd5 Re6 31.b3 b6 32.h3 Ba8 33.Kf1 Ra7 34.Ra2 Rd7 35.Rae2 Bb7 36.Nf4 Rf6
37.g3 Bxf4 38.gxf4 Qc7 39.f5 Rxf5 40.Qg2 Rf4 41.Qg3 h4 42.Qh2 g5 43.Qg1 Kh6
44.e5 Bf3 45.Re4 Bxe4 46.Rxe4 Rxe4 47.dxe4 Qd8 48.Ke2 d3+ 49.Kd2 Rd4 50.Nd6 Rxd6
51.exd6 Qxd6 52.Qg4 Qd4 53.Qf5 Qb2+ 54.Kxd3 Qxb3+ 55.Ke2 Qe6 56.Qf3 f5 57.Qc3 Qxe4+
58.Kf1 Qd4 59.Qb3 c4 60.Qa3 Qd1+ 61.Kg2 Qd5+ 62.Kg1 Qc5 63.Qc3 Qf8 64.Qxc4 Qf6
65.Kg2 f4 66.Kf3  1/2-1/2

[Event "3rd Open"]
[Site "St Chely d'Aubrac FRA"]
[Date "2003.07.15"]
[Round "4"]
[White "Marzolo,C"]
[Black "Coste,T"]
[Result "1-0"]
[WhiteElo "2479"]
[BlackElo "2189"]

1.e4 c5 2.Nf3 Nc6 3.Bb5 Na5 4.c3 a6 5.Ba4 e6 6.d4 b5 7.Bc2 cxd4 8.cxd4 Bb7
9.O-O Be7 10.d5 Qc7 11.Nc3 Rc8 12.Bd3 Nf6 13.Bg5 b4 14.Ne2 exd5 15.e5 Ne4
16.Bxe7 Kxe7 17.Ng3 g6 18.Qe1 Qb6 19.Bxe4 dxe4 20.Nxe4 Bxe4 21.Qxe4 Rc4 22.Qd3 Rhc8
23.Rad1 Qc7 24.Qd2 h5 25.Rfe1 Nb7 26.h3 a5 27.Nd4 Kf8 28.Qh6+ Kg8 29.Nf3 Nd8
30.Ng5 Qc5 31.Rxd7 Rf4 32.Qh7+  1-0

[Event "103rd ch-SUI"]
[Site "Silvaplana SUI"]
[Date "2003.07.16"]
[Round "7"]
[White "Cherniaev,A1"]
[Black "Horvath,Ta1"]
[Result "1/2-1/2"]
[WhiteElo "2487"]
[BlackElo "2435"]

1.e4 c5 2.Nf3 Nc6 3.Bb5 e6 4.Bxc6 bxc6 5.d3 Ne7 6.Qe2 Ng6 7.h4 h5 8.e5 Rb8
9.Na3 Ba6 10.Qe4 Be7 11.Nc4 Bxc4 12.dxc4 d5 13.exd6 Qxd6 14.b3 f5 15.Qd3 Ne5
16.Qxd6 Nxf3+ 17.gxf3 Bxd6 18.Bb2 Kf7 19.Rd1 Rbd8 20.Ke2  1/2-1/2

[Event "BCSA Open"]
[Site "Batumi GEO"]
[Date "2003.07.17"]
[Round "1"]
[White "Paichadze,L"]
[Black "Javakhishvili,L"]
[Result "1-0"]
[WhiteElo "2066"]
[BlackElo "2393"]

1.e4 c5 2.Nf3 Nc6 3.Bb5 e6 4.Bxc6 bxc6 5.d4 Ba6 6.Nc3 d5 7.Be3 Qa5 8.dxc5 Bxc5
9.Nd4 Bb4 10.Qd2 Ne7 11.Nb3 Bxc3 12.bxc3 Qc7 13.Nc5 Bc4 14.f4 O-O 15.e5 Rab8
16.Kf2 Rb2 17.Nb3 Nf5 18.Bc5 Rb8 19.Qc1 Bxb3 20.Qxb2 Ba4 21.Qa3 Bxc2 22.g4 Nh6
23.Kg3 Rb7 24.Rhf1 f6 25.Bd4 Kf7 26.Rf2 Be4 27.Raf1 Ng8 28.c4 dxc4 29.Rb2 Rxb2
30.Qxb2 c5 31.Be3 Bd3 32.Rf2 Ne7 33.Qa3 fxe5 34.fxe5+ Kg6 35.Qxc5 Qxc5 36.Bxc5 Nc6
37.Kf4 h5 38.gxh5+ Kxh5 39.Rg2 g6 40.Bf8 Nd4 41.Ke3 Nc6 42.Bg7 Kh4 43.Rg3 Nb4
44.Bf6+ Kh5 45.Rh3+ Kg4 46.Rh4+  1-0

[Event "FSIM July"]
[Site "Budapest HUN"]
[Date "2003.07.17"]
[Round "13"]
[White "Howell,D"]
[Black "Reiss,T"]
[Result "0-1"]
[WhiteElo "2323"]
[BlackElo "2343"]

1.e4 c5 2.Nf3 Nc6 3.Bb5 g6 4.Bxc6 bxc6 5.O-O Bg7 6.Re1 Nh6 7.c3 O-O 8.d4 cxd4
9.cxd4 d6 10.h3 f6 11.Nc3 Nf7 12.b3 Bd7 13.Bb2 Rc8 14.Rc1 Qa5 15.Nd2 Qg5
16.Nf3 Qh5 17.Rc2 Ng5 18.Nxg5 Qxg5 19.Bc1 Qa5 20.Bf4 Rfd8 21.Qf3 Be8 22.Qg3 e5
23.dxe5 fxe5 24.Bg5 Rd7 25.Qe3 Bf7 26.Rd1 Qa6 27.Rcd2 c5 28.Qe2 Qxe2 29.Nxe2 c4
30.Rc1 Bf8 31.Rdc2 Rdc7 32.Bd2 d5 33.exd5 Bxd5 34.b4 Be4 35.Rb2 a5 36.Nc3 Bd3
37.Nd5 Rb7 38.a3 Kf7 39.Bc3 Ke6 40.Ne3 axb4 41.axb4 Rcb8 42.Nc2 e4 43.Re1 Kf7
44.Be5 Bg7 45.Bxg7 Kxg7 46.Ra2 Kf6 47.Nd4 Rxb4 48.f3 Rb1 49.Rxb1 Rxb1+ 50.Kf2 c3
51.Ke3 Re1+ 52.Kf2 c2 53.Rxc2 Rf1+ 54.Kg3 Bxc2 55.Nxc2 exf3 56.gxf3 h5 57.Ne3 Ra1
58.f4 Ra3 59.Kf2 g5 60.Kf3 Kg6 61.f5+ Kf6 62.Ke4 Ra4+ 63.Kf3 Ke5 64.Kg3 Ke4
65.Ng2 Ra3+ 66.Kh2 Kxf5 67.h4 g4 68.Kg1 g3 69.Kf1 Ra1+ 70.Ke2 Ra2+ 71.Kf3 Rxg2
72.Kxg2 Kg4  0-1

[Event "ch-City"]
[Site "Tehran IRI"]
[Date "2003.07.17"]
[Round "6"]
[White "Ardeshi,M"]
[Black "Khakpoor,A"]
[Result "0-1"]
[WhiteElo "2339"]
[BlackElo "2252"]

1.e4 c5 2.Nf3 Nc6 3.Bb5 g6 4.O-O Bg7 5.Bxc6 bxc6 6.e5 f6 7.Qe2 fxe5 8.Nxe5 Qc7
9.f4 d6 10.Nc4 Nf6 11.d3 O-O 12.Nc3 Bg4 13.Qe1 Nd5 14.Bd2 Bd4+ 15.Kh1 Nb4
16.Rc1 d5 17.Ne5 Bxe5 18.fxe5 Rxf1+ 19.Qxf1 Rf8 20.Qe1 Be6 21.a3 Na6 22.Qg3 Nb8
23.Ne2 Nd7 24.Bf4 Rf5 25.h3 Nf8 26.d4 Qb6 27.Qe3 Qxb2 28.dxc5 g5 29.Bh2 h6
30.Nd4 Rf7 31.Nxc6 Qb5 32.Nxa7 Qa4 33.Qb3 Qxa7 34.c6 Qa6 35.Qb7 Bc8 36.Qxa6 Bxa6
37.c4 dxc4 38.c7 Ne6 39.Rxc4 Rf1+ 40.Bg1 Bc8 41.a4 Rf4 42.Rc1 Rxa4 43.Rd1 Kf7
44.Rd8 Ra8 45.Bb6 Kg6 46.Kg1 Kf5 47.Rh8 Kxe5 48.Rxh6 Ra6 49.Bf2 Rc6 50.Bg3+ Kd5
51.Rh8 Ba6 52.Ra8 Nc5 53.Ra7 e5 54.Bf2 Ne4 55.Rxa6 Rc1+ 56.Kh2 Nxf2 57.Rg6 Ne4
58.Rg7 Kd6 59.g3 Rc2+ 60.Kg1 Rxc7 61.Rg6+ Kd5 62.h4 gxh4 63.gxh4 Rh7 64.Rg4 Nf6
65.Ra4 Ne4 66.Ra5+ Nc5 67.Kf1 Rxh4 68.Ra8 Nb3 69.Ke2 Rh2+  0-1

[Event "BCSA Open"]
[Site "Batumi GEO"]
[Date "2003.07.18"]
[Round "2"]
[White "Churgulia,G"]
[Black "Gagunashvili,M"]
[Result "0-1"]
[WhiteElo "2316"]
[BlackElo "2577"]

1.e4 c5 2.Nf3 Nc6 3.Bb5 Nf6 4.Bxc6 dxc6 5.d3 c4 6.e5 Ng4 7.d4 h5 8.h3 Nh6
9.O-O Nf5 10.b3 Be6 11.Bb2 g6 12.Ng5 Qd7 13.bxc4 Bxc4 14.Re1 Bg7 15.Nd2 Be6
16.Nde4 b6 17.Nxe6 Qxe6 18.Ng5 Qc4 19.e6 f6 20.Nf7 O-O 21.c3 Nh6 22.Nxh6+ Bxh6
23.Qb3 Qxb3 24.axb3 a5 25.Re2 Ra7 26.c4 Bf4 27.Bc3 Rfa8 28.g3 Bc7 29.Kg2 b5
30.Rea2 f5 31.g4 Kh7 32.gxf5 gxf5 33.Kf3 a4 34.d5 bxc4 35.bxc4 cxd5 36.cxd5 Bd6
37.Bd2 f4 38.Ke4 a3 39.Bc3 Rc8 40.Bd4 Ra4 41.Kd3 Rcc4 42.Bc3 Rc5 43.Rg1 Rxd5+
44.Kc2 Re4 45.Rg7+ Kh6 46.Rg8 Rxe6 47.Ra1 Re2+ 48.Kb3 Rb5+ 49.Ka4 Rb8 50.Rxb8 Bxb8  0-1

[Event "KB Czech Open"]
[Site "Pardubice CZE"]
[Date "2003.07.18"]
[Round "1"]
[White "Hasangatin,R"]
[Black "Muzik,M"]
[Result "1-0"]
[WhiteElo "2515"]
[BlackElo "2276"]

1.e4 c5 2.Nf3 Nc6 3.Bb5 e6 4.Bxc6 bxc6 5.d3 Nf6 6.O-O d5 7.Nc3 Be7 8.Re1 O-O
9.Bg5 Re8 10.b3 Bb7 11.Qd2 Nd7 12.Bxe7 Rxe7 13.Na4 Re8 14.e5 Qe7 15.c4 f5
16.exf6 gxf6 17.Nh4 Qd6 18.Re3 Kh8 19.Rae1 dxc4 20.bxc4 Rad8 21.Nc3 Bc8 22.Ne4 Qf4
23.Nf3  1-0

[Event "KB Czech Open"]
[Site "Pardubice CZE"]
[Date "2003.07.18"]
[Round "1"]
[White "Stocek,J"]
[Black "Volodin,V"]
[Result "1-0"]
[WhiteElo "2539"]
[BlackElo "2283"]

1.e4 c5 2.Nf3 Nc6 3.Bb5 g6 4.O-O Bg7 5.c3 Nf6 6.Re1 O-O 7.d4 cxd4 8.cxd4 d5
9.e5 Ne4 10.Nc3 Nxc3 11.bxc3 Na5 12.Ng5 h6 13.Nf3 Bg4 14.h3 Bxf3 15.Qxf3 e6
16.Ba3 Rc8 17.Bxf8 Qxf8 18.Qd1 Qa3 19.Re3 Nc4 20.Bxc4 Rxc4 21.Qb3 Bf8 22.Qxb7 Rxc3
23.Rxc3 Qxc3 24.Rd1 Qc2 25.Qb3 Qxb3 26.axb3 Bb4 27.Kf1 h5 28.Ke2 Kg7 29.f4 Kf8
30.g4 hxg4 31.hxg4 Ke7 32.Rc1 Kd7 33.Ke3 a5 34.Rc2 Be7 35.f5 gxf5 36.gxf5 Bg5+
37.Kf3 Be7 38.Kf4 Bb4 39.Kg5 Be7+ 40.f6 Bf8 41.Ra2 Bb4 42.Kh6 Bc3 43.Ra4 Kd8
44.Kg7 Ke8 45.Kg8 Bb4 46.Rxb4  1-0

[Event "KB Czech Open"]
[Site "Pardubice CZE"]
[Date "2003.07.18"]
[Round "1"]
[White "Swicarz,M"]
[Black "Hracek,Z"]
[Result "1/2-1/2"]
[WhiteElo "2308"]
[BlackElo "2584"]

1.e4 c5 2.Nf3 Nc6 3.Bb5 d6 4.d4 cxd4 5.Qxd4 Bd7 6.Bxc6 Bxc6 7.c4 f5 8.exf5 Qa5+
9.Nc3 Qxf5 10.Nd5 Bxd5 11.cxd5 Nf6 12.Bg5 Nxd5 13.O-O h6 14.Bh4 Kf7 15.Rfe1 Nf6
16.Rac1 g5 17.Bg3 Rc8 18.Rxc8 Qxc8 19.Qxa7 Bg7 20.Qe3 Re8 21.Qc3 Kg6 22.Nd4 e5
23.Qd3+ e4 24.Qd2 Qc4 25.b3 Qd3 26.Rd1 Qxd2 27.Rxd2 d5 28.Nb5 Rc8 29.Kf1 Rc5
30.Nd6 Nh5 31.Ke2 Nxg3+  1/2-1/2

[Event "zt 3.3"]
[Site "Yongchuan CHN"]
[Date "2003.07.18"]
[Round "7"]
[White "Zhang Pengxiang"]
[Black "Bu Xiangzhi"]
[Result "0-1"]
[WhiteElo "2567"]
[BlackElo "2588"]

1.e4 c5 2.Nf3 Nc6 3.Bb5 g6 4.Bxc6 dxc6 5.d3 Bg7 6.h3 b6 7.Nc3 e5 8.Be3 Ne7
9.a3 a5 10.O-O a4 11.Nh2 h6 12.h4 O-O 13.Qd2 Kh7 14.h5 gxh5 15.f4 f5 16.fxe5 Ng6
17.Rf2 Qe7 18.Raf1 Qxe5 19.Nf3 Qg3 20.exf5 Bxf5 21.Ne2 Qd6 22.Ng5+ hxg5 23.Rxf5 Rae8
24.Rxf8 Rxf8 25.Rxf8 Qxf8 26.Bxg5 Bxb2 27.c3 Bxa3 28.Ng3 c4 29.Ne4 Bc5+ 30.d4 Be7
31.Qe2 Bxg5 32.Qxh5+ Kg7 33.Nxg5 Qe7 34.Kh2 a3 35.Qh7+ Kf6 36.Qh6 Kf5 37.Nf3 a2
38.g4+ Kxg4 39.Qxg6+ Kxf3 40.Qg2+ Ke3 41.Qxa2 Qh4+ 42.Kg2 Qg4+  0-1

[Event "24th Open"]
[Site "Bled SLO"]
[Date "2003.07.19"]
[Round "7"]
[White "Loncar,R"]
[Black "Pandurevic,M"]
[Result "1/2-1/2"]
[WhiteElo "2394"]
[BlackElo "2260"]

1.Nf3 c5 2.e4 Nc6 3.Bb5 Qc7 4.Nc3 e6 5.O-O a6 6.Bxc6 Qxc6 7.d4 cxd4 8.Nxd4 Qc7
9.Re1 d6 10.Bg5 Be7 11.Bxe7 Nxe7 12.Qh5 Qc5 13.Qxc5 dxc5 14.Nf3 Bd7 15.Ne5 Nc6
16.Nxc6 Bxc6 17.Rad1 Ke7 18.f3 Rhd8 19.Kf2 Rd4 20.Ne2 Rxd1 21.Rxd1 Rd8 22.Rxd8 Kxd8
23.Ke3 f6 24.Nf4 Ke7 25.c4 Be8  1/2-1/2

[Event "KB Czech Open"]
[Site "Pardubice CZE"]
[Date "2003.07.19"]
[Round "2"]
[White "Zetocha,C"]
[Black "Kovalev,A"]
[Result "0-1"]
[WhiteElo "2407"]
[BlackElo "2554"]

1.e4 c5 2.Nf3 Nc6 3.Bb5 e6 4.Bxc6 bxc6 5.d3 Ne7 6.Qe2 Qc7 7.O-O Ng6 8.Na3 Be7
9.Re1 O-O 10.Qe3 e5 11.c3 Re8 12.b3 d5 13.c4 d4 14.Qe2 f5 15.exf5 Bxf5 16.Ng5 Bxg5
17.Bxg5 Qa5 18.Nc2 Qc3 19.Rad1 e4 20.Na3 Ne5 21.dxe4 Bg4 22.Qd2 Bxd1 23.Qxc3 dxc3
24.Rxd1 a5 25.Rc1 a4 26.bxa4 Rxa4 27.Rxc3 Rea8 28.Bc1 Rd8  0-1

[Event "KB Czech Open"]
[Site "Pardubice CZE"]
[Date "2003.07.19"]
[Round "2"]
[White "Fedorchuk,S"]
[Black "Hagara,E"]
[Result "1-0"]
[WhiteElo "2557"]
[BlackElo "2407"]

1.e4 c5 2.Nf3 Nc6 3.Bb5 g6 4.Bxc6 dxc6 5.d3 Bg7 6.h3 Nf6 7.Nc3 O-O 8.Be3 b6
9.Qd2 e5 10.Bh6 Qd6 11.O-O-O a5 12.Ne2 a4 13.g4 Be6 14.Kb1 Rfd8 15.Bxg7 Kxg7
16.Ng3 Ra5 17.Rhg1 Rd7 18.Qc3 c4 19.d4 h6 20.d5 cxd5 21.Nxe5 Rc7 22.f4 Kh7
23.Nxg6 fxg6 24.e5 Qc6 25.exf6 a3 26.f5 Bf7 27.fxg6+ Bxg6 28.Rgf1 axb2 29.f7 Bxf7
30.Rf6 Qxf6 31.Qxf6 d4 32.Nf5  1-0

[Event "3rd Savaria Summer Open"]
[Site "Szombathely HUN"]
[Date "2003.07.19"]
[Round "1"]
[White "Perunovic,Mil"]
[Black "Balogh,Las"]
[Result "1-0"]
[WhiteElo "2527"]
[BlackElo "2089"]

1.e4 c5 2.Nf3 Nc6 3.Bb5 e6 4.Bxc6 bxc6 5.d3 d6 6.e5 d5 7.Qe2 Ne7 8.b3 Nf5
9.O-O Be7 10.c4 h5 11.Ba3 g5 12.Nc3 Nd4 13.Nxd4 cxd4 14.Bxe7 Qxe7 15.Na4 dxc4
16.Qe4 Bb7 17.Qxd4 cxb3 18.axb3 Rd8 19.Qxa7 Bc8 20.Qe3 O-O 21.Nc3 f5 22.exf6 Qxf6
23.Ne4 Qf4 24.Nxg5 Qxe3 25.fxe3 Rxf1+ 26.Kxf1 Rxd3 27.Ra8 Rd8 28.Nxe6 Re8
29.Nd4 Bd7 30.Rxe8+ Bxe8 31.b4 Kf7 32.Ke2 Kf6 33.Kd3 Ke5 34.Nf3+ Kf5 35.Kd4 Bf7
36.e4+ Kf4 37.Ne5 Be8 38.Nd3+ Kg5 39.Ke5 h4 40.g3 hxg3 41.hxg3 Bg6 42.Nc5 Kg4
43.Kd6 Kxg3 44.Kxc6 Kf4 45.Kd6 Be8 46.e5 Bb5 47.e6 Kf5 48.e7 Kf6 49.Ne6  1-0

[Event "BCSA Open"]
[Site "Batumi GEO"]
[Date "2003.07.20"]
[Round "4"]
[White "Babujian,L"]
[Black "Kotanjian,T"]
[Result "0-1"]
[WhiteElo "2229"]
[BlackElo "2431"]

1.e4 c5 2.Nf3 Nc6 3.Bb5 g6 4.O-O Bg7 5.Re1 Nf6 6.e5 Nd5 7.Nc3 Nc7 8.Bc4 O-O
9.d3 d5 10.exd6 exd6 11.Bg5 Qd7 12.Nd5 Nxd5 13.Bxd5 h6 14.Bh4 g5 15.Bg3 Ne7
16.Bb3 Bxb2 17.Rb1 Bg7 18.h4 g4 19.Nd2 d5 20.Be5 Ng6 21.Bxg7 Kxg7 22.Nf1 b5
23.h5 Nf4 24.Qd2 Qd6 25.d4 c4 26.Bxc4 bxc4 27.Ng3 Qf6 28.Re3 Bd7 29.Rb7 Be6
30.Qb4 Kg8 31.Re5 a5 32.Qb6 Qd8 33.Qb1 c3 34.Qc1 Qf6 35.Qb1 Rac8 36.Rb6 Rc4
37.Qd1 Qg7 38.a3 Rfc8 39.Kh2 R4c6 40.Rb7 Qf6 41.Qc1 Rc4 42.Qe3 Kg7 43.Rb6 R8c6
44.Rb8 Ra4 45.Rb3 Bc8 46.Kg1 Rcc4 47.Re8 Rxd4 48.Rb6 Rd1+ 49.Nf1 Be6 50.Rbb8 Qd4
51.Rb7 Rxf1+ 52.Kxf1 Qd1+ 53.Qe1 Qxe1+ 54.Kxe1 Rxa3 55.Rb1 Nxg2+ 56.Ke2 d4
57.Kd3 Ra4 58.Ke4 Nh4 59.Rbb8 Kf6 60.Rb6 Nf5 61.f4 g3 62.Rg8 Ra1 63.Rc6 Re1+
64.Kf3 Re3+ 65.Kg2 Re2+ 66.Kf3 Rxc2 67.Rc5 Rf2+ 68.Ke4 Re2+ 69.Kf3 Re3+ 70.Kg4 g2  0-1

[Event "BCSA Open"]
[Site "Batumi GEO"]
[Date "2003.07.20"]
[Round "4"]
[White "Gvetadze,S"]
[Black "Butskhrikidze,A"]
[Result "1/2-1/2"]
[WhiteElo "2287"]
[BlackElo "1994"]

1.e4 c5 2.Nf3 Nc6 3.Bb5 g6 4.Bxc6 dxc6 5.d3 Bg7 6.h3 e5 7.Be3 Qe7 8.Qd2 Nf6
9.Na3 O-O 10.Bh6 Ne8 11.O-O-O b5 12.Bxg7 Kxg7 13.Qe3 a5 14.Nd2 a4 15.h4 h5
16.f3 Nf6 17.Rdg1 Be6 18.Qg5 Bxa2 19.g4 Rh8 20.Nf1 Rag8 21.gxh5 Rxh5 22.Qd2 Kf8
23.Qa5 Rgh8 24.Qa8+ Qe8 25.Qa7 Qe7 26.Qb6 b4 27.Nc4 Bxc4 28.dxc4 Rxh4 29.Rxh4 Rxh4
30.Qxc6 Nh5 31.Ne3 Nf6 32.Qxa4 Rh3 33.Qa8+ Qe8 34.Qa7 Rxf3 35.Qxc5+ Qe7 36.Qb6 Nd7
37.Qa7 Qc5 38.Qxc5+ Nxc5 39.Nd5 b3 40.cxb3 Nxb3+ 41.Kc2 Nd4+ 42.Kb1 Nb3 43.Ka2 Ke8
44.Rg5 Nc1+ 45.Kb1 Nd3 46.Kc2 Kd7 47.b4 Kd6 48.Rg1 Nf4 49.Rd1 Ne6 50.Kb2 Nd4
51.Rd2 f5 52.Rg2 fxe4 53.Rxg6+ Kd7 54.Rg7+ Kd6 55.Rg6+ Kd7 56.Rg7+ Kd6 57.Rg6+ Kd7  1/2-1/2

[Event "KB Czech Open"]
[Site "Pardubice CZE"]
[Date "2003.07.20"]
[Round "3"]
[White "Vavra,P1"]
[Black "Teske,H"]
[Result "0-1"]
[WhiteElo "2384"]
[BlackElo "2527"]

1.e4 c5 2.Nf3 Nc6 3.Bb5 d6 4.O-O Bd7 5.Re1 a6 6.Bxc6 Bxc6 7.d4 cxd4 8.Qxd4 Nf6
9.Bg5 e6 10.c4 Be7 11.Nc3 O-O 12.Rad1 Rc8 13.b3 b5 14.cxb5 axb5 15.Qd3 Qa5
16.Nd4 b4 17.Ncb5 Rfd8 18.Nxc6 Rxc6 19.Nd4 Rc5 20.Be3 d5 21.e5 Ne4 22.Rc1 Rdc8
23.Rxc5 Rxc5 24.f3 Nc3 25.Ne2 Rc6 26.Nxc3 Rxc3 27.Qd2 Bc5 28.Bxc5 Qxc5+ 29.Qf2 d4
30.Rd1 Rc1 31.Rxc1 Qxc1+ 32.Qf1 Qe3+  0-1

[Event "KB Czech Open"]
[Site "Pardubice CZE"]
[Date "2003.07.20"]
[Round "3"]
[White "Kalod,R"]
[Black "Sax,G"]
[Result "1/2-1/2"]
[WhiteElo "2435"]
[BlackElo "2521"]

1.e4 c5 2.Nf3 Nc6 3.Bb5 g6 4.Bxc6 dxc6 5.h3 Bg7 6.d3 Nf6 7.Nc3 O-O 8.Be3 b6
9.Qd2 e5 10.Bh6 Qe7 11.Bxg7 Kxg7  1/2-1/2

[Event "3rd Savaria Summer Open"]
[Site "Szombathely HUN"]
[Date "2003.07.20"]
[Round "2"]
[White "Jovanovic,Zo2"]
[Black "Pg,MOAHirawan"]
[Result "1-0"]
[WhiteElo "2404"]
[BlackElo "2208"]

1.e4 c5 2.Nf3 Nc6 3.Bb5 e6 4.O-O Nge7 5.Re1 a6 6.Bxc6 Nxc6 7.d4 cxd4 8.Nxd4 d6
9.Nc3 Be7 10.Nxc6 bxc6 11.Qg4 O-O 12.Bh6 Bf6 13.e5 dxe5 14.Ne4 Kh8 15.Rad1 gxh6
16.Rxd8 Bxd8 17.Qh5 f6 18.Qxh6  1-0

[Event "TCh-Europe u18"]
[Site "Balatonlelle HUN"]
[Date "2003.07.21"]
[Round "3"]
[White "Manescu,T"]
[Black "Sakelsek,T"]
[Result "1/2-1/2"]
[WhiteElo "2354"]
[BlackElo "2351"]

1.e4 c5 2.Nf3 Nc6 3.Bb5 d6 4.Bxc6+ bxc6 5.O-O Nf6 6.e5 Nd7 7.exd6 e5 8.d4 cxd4
9.Nxd4 Qf6 10.Nxc6 Bxd6 11.Be3 O-O 12.Nd2 e4 13.Nxe4 Bxh2+ 14.Kxh2 Qh4+ 15.Kg1 Qxe4
16.Na5 Ne5 17.Bd4  1/2-1/2

[Event "BCSA Open"]
[Site "Batumi GEO"]
[Date "2003.07.21"]
[Round "5"]
[White "Kvizhinadze,K"]
[Black "Gvetadze,S"]
[Result "1-0"]
[WhiteElo "2170"]
[BlackElo "2287"]

1.e4 c5 2.Nf3 Nc6 3.Bb5 g6 4.O-O Bg7 5.c3 Nf6 6.Re1 O-O 7.e5 Nd5 8.d4 cxd4
9.cxd4 d6 10.Nc3 Nxc3 11.bxc3 Bg4 12.h3 Bxf3 13.Qxf3 Rc8 14.exd6 Qxd6 15.a4 Bf6
16.Ba3 Qd8 17.Rad1 a6 18.Bxc6 Rxc6 19.d5 Rxc3 20.Bxe7 Rxf3 21.Bxd8 Rf4 22.g3 Rf5
23.Bc7 Kg7 24.Re3 h5 25.g4 hxg4 26.hxg4 Rg5 27.f3 Rc8 28.Bf4 Rc4 29.Bxg5 Bxg5
30.Re4 Rc7 31.Kg2 Rc2+ 32.Kf1 Bh4 33.d6 Rf2+ 34.Kg1 Rxf3 35.d7 Bd8 36.Kg2 Ra3
37.Re8 Bg5 38.Rd5 Bh4 39.g5 Rg3+ 40.Kh2  1-0

[Event "1st Open"]
[Site "Marche Estate ITA"]
[Date "2003.07.21"]
[Round "1"]
[White "Ristic,Nen"]
[Black "Calavalle,G"]
[Result "1-0"]
[WhiteElo "2488"]
[BlackElo "2149"]

1.e4 c5 2.Nf3 Nc6 3.Bb5 d6 4.O-O g6 5.d4 Qb6 6.Nc3 a6 7.Ba4 Bd7 8.dxc5 Qxc5
9.Nd5 Qa5 10.Bd2 Qd8 11.Be3 Bg7 12.Bb6 Qc8 13.Nc7+ Kf8 14.Nxa8 Qxa8 15.Re1 Ne5
16.Bxd7 Nxd7 17.Bd4 e5 18.Bxe5  1-0

[Event "26th Asian Juniors"]
[Site "Negombo SRI"]
[Date "2003.07.21"]
[Round "4"]
[White "Rohit,G"]
[Black "Akshayraj,K"]
[Result "0-1"]
[WhiteElo "2397"]
[BlackElo "2300"]

1.e4 c5 2.Nf3 Nc6 3.Bb5 g6 4.O-O Bg7 5.Bxc6 bxc6 6.c3 Nh6 7.d4 cxd4 8.cxd4 O-O
9.Nc3 d6 10.h3 f6 11.Re1 Nf7 12.b3 Bd7 13.Bb2 Qa5 14.Qd3 Rad8 15.Rac1 Qh5
16.Ne2 Qa5 17.a3 Rb8 18.b4 Qb6 19.Bc3 Qb7 20.Rcd1 Rbd8 21.Nc1 Be6 22.Nh4 Bh6
23.d5 Ne5 24.Qg3 cxd5 25.exd5 Bxd5 26.f4 Nf7 27.Nf5 Be4 28.Nd4 d5 29.Ncb3 Qb6
30.Nc5 Rc8 31.Nce6 Rfe8 32.Kh1 Nd6 33.Qh4 Bf8 34.Nc5 Nb7 35.Ndb3 Nxc5 36.Nxc5 Rxc5
37.Bd4 Bxg2+ 38.Kg1 Bf3 39.Rd2 Rc2 40.Bxb6 Rxd2 41.Bc5 Rg2+ 42.Kf1 g5 43.fxg5 fxg5
44.Qd4 Bg7 45.Qd3 Rf8 46.Qxf3 Rxf3+ 47.Kxg2 Rxa3 48.Rxe7 a6 49.Rd7 d4 50.Rd8+ Kf7
51.Bxd4 Bxd4 52.Rxd4 Kg6 53.h4 h6 54.hxg5 hxg5 55.Rd5 Kh5 56.Rd6 Kh4 57.Rb6 Ra2+
58.Kf1 Kg3 59.b5 a5 60.Rh6 g4 61.Rg6 Ra4 62.Rg8 Kh2 63.Rh8+ Kg3 64.Rg8 Ra1+
65.Ke2 Rg1 66.Rg7 Kh2 67.Kd2 g3 68.Ke3 Re1+ 69.Kf3 Rb1 70.Kg4 g2 71.Rh7+ Kg1
72.Kg3 Rb3+ 73.Kg4 Re3 74.Rf7 Re8 75.Rb7 Kf2  0-1

[Event "3rd Savaria Summer Open"]
[Site "Szombathely HUN"]
[Date "2003.07.21"]
[Round "3"]
[White "Molnar,Be"]
[Black "Berczes,C"]
[Result "1/2-1/2"]
[WhiteElo "2394"]
[BlackElo "2310"]

1.e4 c5 2.Nf3 Nc6 3.Bb5 g6 4.Bxc6 dxc6 5.d3 Bg7 6.Nc3 Nf6 7.h3 O-O 8.Be3 b6
9.Qd2 Ne8 10.Bh6 f6 11.O-O-O Nc7 12.Ne2 Ne6 13.Be3 Qc7 14.Nh4 f5 15.Bh6 fxe4
16.Bxg7 Kxg7 17.dxe4 Rxf2 18.Rhf1 Rxf1 19.Rxf1 Ba6 20.Nf4 Nxf4 21.Rxf4 Qd6
22.Nf3 Rd8 23.Qxd6 Rxd6 24.e5  1/2-1/2

[Event "3rd Savaria Summer Open"]
[Site "Szombathely HUN"]
[Date "2003.07.21"]
[Round "3"]
[White "Sardy,P"]
[Black "Jovanovic,Zo2"]
[Result "0-1"]
[WhiteElo "2326"]
[BlackElo "2404"]

1.e4 c5 2.Nf3 Nc6 3.Bb5 g6 4.O-O Bg7 5.Re1 Nf6 6.d3 O-O 7.Nc3 d6 8.Bxc6 bxc6
9.h3 e5 10.a3 Rb8 11.Na4 Ne8 12.c3 Nc7 13.b4 cxb4 14.axb4 Ne6 15.Nb2 a6 16.Nc4 Qc7
17.Qa4 f5 18.Qa5 Qe7 19.Nb6 Bb7 20.c4 fxe4 21.Rxe4 Rxf3 22.gxf3 Nd4 23.Rxd4 exd4
24.Bf4 Rf8 25.Qg5 Qxg5+ 26.Bxg5 Rxf3 27.Re1 h6 28.Re8+ Rf8 29.Re7 Rf7 30.Re8+ Kh7
31.Re7 Kg8 32.Re8+ Rf8 33.Re7 hxg5 34.Rxb7 Rf3 35.Nc8 Bf8 36.Rb6 Rxd3 37.Rxc6 Rd1+
38.Kg2 d3 39.Kf3 Re1  0-1

[Event "TCh-Europe u18 girls"]
[Site "Balatonlelle HUN"]
[Date "2003.07.22"]
[Round "4"]
[White "Ciobanu,C"]
[Black "Choisy,M"]
[Result "1-0"]
[WhiteElo "2251"]
[BlackElo "2024"]

1.e4 c5 2.Nf3 Nc6 3.Bb5 Nd4 4.Nxd4 cxd4 5.c4 g6 6.O-O Bg7 7.d3 e6 8.Bf4 Qb6
9.a4 a5 10.Nd2 e5 11.Bg3 Ne7 12.c5 Qxc5 13.Rc1 Qb6 14.f4 O-O 15.fxe5 Nc6
16.Nc4 Qd8 17.Qb3 h5 18.Nd6 Qe7 19.Nxf7 Kh7 20.e6 Rg8 21.Bd6 Qe8 22.Ng5+ Kh8
23.e7 Nxe7 24.Bc4 Rf8 25.Bf7 Qd8 26.Bc7  1-0

[Event "BCSA Open"]
[Site "Batumi GEO"]
[Date "2003.07.22"]
[Round "6"]
[White "Sulashvili,G"]
[Black "Ioseliani,I"]
[Result "1-0"]
[WhiteElo "2174"]
[BlackElo "2030"]

1.e4 c5 2.Nf3 Nc6 3.Bb5 g6 4.Bxc6 dxc6 5.h3 e5 6.d3 f6 7.a4 a5 8.O-O Nh6
9.Be3 Nf7 10.Nfd2 g5 11.Nc3 h5 12.g4 hxg4 13.hxg4 Be6 14.f3 Qd7 15.Kg2 O-O-O
16.Qe2 Bd6 17.Nc4 Bxc4 18.dxc4 Rh6 19.Rh1 Rdh8 20.Qf2 Nd8 21.Ne2 Qh7 22.Qg1 Rxh1
23.Qxh1 Qg8 24.Qd1 Qxc4 25.Ng3 Kc7 26.Nf5 Nf7 27.b3 Qe6 28.Nxd6 Nxd6 29.Bxc5 Nc8
30.Qe2 Qd7 31.Rh1 Rxh1 32.Kxh1 b6 33.Be3 c5 34.Kg2 Ne7 35.Qa6 Nc6 36.c3 Qd1
37.Qc4 Qd7 38.Kf2 Kb7 39.Ke2 Nd8 40.b4 cxb4 41.cxb4 Qc6 42.Qd3 Ne6 43.b5 Qc8
44.Qd5+ Ka7 45.Kd3 Nc5+ 46.Bxc5 Qxc5 47.Qxc5 bxc5 48.Kc4  1-0

[Event "3rd Savaria Summer Open"]
[Site "Szombathely HUN"]
[Date "2003.07.22"]
[Round "4"]
[White "Jovanovic,Zo2"]
[Black "Pataki,G"]
[Result "1-0"]
[WhiteElo "2404"]
[BlackElo "2366"]

1.e4 c5 2.Nf3 Nc6 3.Bb5 e6 4.O-O Nge7 5.Re1 a6 6.Bxc6 Nxc6 7.d4 cxd4 8.Nxd4 Qc7
9.Nxc6 Qxc6 10.Nc3 b5 11.Bf4 Bb7 12.a4 b4 13.Nd5 Kd8 14.Bc7+ Kc8 15.Ba5 Bd6
16.Nb6+ Kb8 17.Nxa8 Kxa8 18.c3 bxc3 19.Bxc3 f5 20.Rc1 fxe4 21.Bxg7 Bc5 22.Rxc5 Qxc5
23.Bxh8  1-0

[Event "4th It"]
[Site "Montreal CAN"]
[Date "2003.07.23"]
[Round "1"]
[White "Rozentalis,E"]
[Black "Nataf,IA"]
[Result "1-0"]
[WhiteElo "2586"]
[BlackElo "2549"]

1.e4 c5 2.Nf3 Nc6 3.Bb5 g6 4.O-O Bg7 5.c3 Nf6 6.Re1 O-O 7.d4 d5 8.e5 Ne4
9.Bxc6 bxc6 10.Nbd2 cxd4 11.cxd4 c5 12.dxc5 Nxc5 13.Nb3 Nxb3 14.Qxb3 d4 15.Bf4 Bg4
16.Qa3 Qb6 17.Rad1 Rfd8 18.Qxe7 Bxf3 19.gxf3 Qxb2 20.e6 Rf8 21.Qd7 Qxa2 22.e7 Rfe8
23.Ra1 Qb3 24.Rxa7 Qc3 25.Rxa8 Qxe1+ 26.Kg2 Rxa8 27.Qd8+ Rxd8 28.exd8=Q+ Bf8
29.Bd6  1-0

[Event "26th Asian Juniors"]
[Site "Negombo SRI"]
[Date "2003.07.23"]
[Round "6"]
[White "Rohit,G"]
[Black "Khamzin,O"]
[Result "1/2-1/2"]
[WhiteElo "2397"]
[BlackElo "2298"]

1.e4 c5 2.Nf3 Nc6 3.Bb5 g6 4.Bxc6 dxc6 5.d3 Bg7 6.h3 Nf6 7.Nc3 O-O 8.Be3 b6
9.Qd2 e5 10.Bh6 Qd6 11.g4 Be6 12.Ne2 Rad8 13.Ng3 Ne8 14.Bxg7 Nxg7 15.Nf1 f6
16.Ne3 b5 17.Qc3 Bf7 18.g5 b4 19.Qd2 f5 20.Qe2 Qe7 21.O-O-O Ne6 22.h4 Nd4
23.Nxd4 exd4 24.Ng2 fxe4 25.dxe4 c4 26.h5 Qxg5+ 27.f4 Qg3 28.hxg6 hxg6 29.f5 Qg5+
30.Kb1 d3 31.cxd3 Rxd3 32.Rxd3 cxd3 33.Qe3 Qxe3 34.Nxe3 Rd8 35.Rg1 Kh7 36.b3 Rd4
37.Ng4 gxf5 38.exf5 Rf4 39.Ne5 Bd5 40.Nxd3 Be4 41.Rg3 Rxf5 42.Kb2 a5 43.Re3 Bd5
44.a3 c5 45.Re5 Rxe5 46.Nxe5 Kg7 47.Nd3 bxa3+ 48.Kxa3  1/2-1/2

[Event "KB Czech Open"]
[Site "Pardubice CZE"]
[Date "2003.07.23"]
[Round "6"]
[White "Sprenger,J"]
[Black "Inarkiev,E"]
[Result "1/2-1/2"]
[WhiteElo "2492"]
[BlackElo "2582"]

1.e4 c5 2.Nf3 Nc6 3.Bb5 g6 4.O-O Bg7 5.c3 Nf6 6.Re1 O-O 7.d4 d5 8.e5 Ne4
9.Bxc6 bxc6 10.Nbd2 Bf5 11.Nh4 Qd7 12.Nxf5 Qxf5 13.Nxe4 dxe4 14.Qc2 Rfd8
15.Qxe4 cxd4 16.cxd4 Qxe4 17.Rxe4 f5 18.exf6 Bxf6 19.Be3 Rab8 20.g4 Rxb2
21.g5 Bg7 22.Rxe7 Bxd4 23.Rd1 c5 24.Rxa7 Rf8 25.Bxd4 cxd4 26.Rxd4 Rbxf2 27.a4 R2f4
28.Rad7 Rxd4 29.Rxd4 Rf5 30.h4 h6 31.gxh6 Kh7 32.Kg2 Kxh6 33.Rg4 Kh7 34.Kg3 Kh6
35.Rb4 g5 36.hxg5+ Rxg5+ 37.Kf3 Ra5 38.Ke3 Kg6 39.Kd3 Kf6 40.Kc4 Ke6 41.Rb6+ Kd7
42.Kb4 Rh5 43.a5 Kc7 44.Ka4 Rg5 45.Rb4 Rg6 46.Kb5 Kb7 47.Rh4  1/2-1/2